Music Quiz

Random Music or Kpop Quiz

Guess the kpop MV Quiz Stats

 Plays Quiz not verified by Sporcle

Score 0/14 Timer 10:00
1 Play Today
% Correct
Dope
94.8%
Bang Bang Bang
92.2%
Mansae
90.2%
Monster
89.3%
Sorry Sorry
89.1%
Hero
86.3%
Very Nice
82.5%
% Correct
Feel So Good
72%
Haru Haru
71.4%
Face
68.9%
Fire Truck
68.2%
The 7th Sense
64.9%
Overcome
54.7%
Shadow
31.2%

You're not logged in!

Compare scores with friends on all Sporcle quizzes.
OR
Log In

Sporcle TV

Today on Sporcle TV


Watch our educational content, quiz creation guides, and fun videos on Sporcle TV.

Show Comments

Extras

Created Aug 7, 2016ReportNominate
Tags:Kpop Quiz, Kpop Quiz

Top Quizzes Today


Score Distribution

Your Account Isn't Verified!

In order to create a playlist on Sporcle, you need to verify the email address you used during registration. Go to your Sporcle Settings to finish the process.

Report this User

Report this user for behavior that violates our Community Guidelines.

Details: